Countries With Birds on Their Flags - Sudden Death - Statistics

General Stats
  • This quiz has been taken 28 times
    21 since last reset
  • The average score is 11 of 14
Answers on the Grid
Answers color-coded by a green-red scale on the quiz's grid according to % correct below.
Monaco
United States
Montenegro
Brunei
Ghana
Kazakhstan
Mexico
Ukraine
Lesotho
Egypt
Eritrea
Albania
Guatemala
St Vincent and the Grenadines
Ecuador
Morocco
Kiribati
Senegal
Dominica
Thailand
Cambodia
Serbia
Vanuatu
Tanzania
Philippines
Namibia
Argentina
Moldova
Syria
Poland
Austria
Germany
Uganda
Papua New Guinea
Eswatini
Zambia
 
Answer Stats
Answer % Correct
Albania
100%
Dominica
100%
Egypt
100%
Kazakhstan
100%
Moldova
100%
Montenegro
100%
Uganda
100%
Zambia
100%
Ecuador
67%
Mexico
67%
Papua New Guinea
67%
Serbia
67%
Guatemala
33%
Kiribati
33%
No matching quizzes found
Score Distribution
Percent of People with Each Score
Percentile by Number Answered
Your Score History
You have not taken this quiz since the last reset